Click the President's State - Statistics

General Stats
  • This quiz has been taken 9 times
    8 since last reset
  • The average score is 19 of 46
Answers on the Map
Answers color-coded by a green-red scale on the quiz's map according to % correct below.
 
Answer Stats
Answer % Correct
George Washington
100%
Thomas Jefferson
88%
James Madison
75%
John Q. Adams
75%
Donald Trump (1st term)
63%
James Monroe
63%
Joe Biden
63%
John Adams
63%
Martin Van Buren
63%
Abraham Lincoln
50%
Bill Clinton
50%
Chester A. Arthur
50%
Franklin D. Roosevelt
50%
George H. W. Bush
50%
George W. Bush
50%
Jimmy Carter
50%
John Tyler
50%
Millard Fillmore
50%
Ronald Reagan
50%
Theodore Roosevelt
50%
Barack Obama
38%
Donald Trump (2nd term)
38%
Dwight D. Eisenhower
38%
Grover Cleveland
38%
Harry S. Truman
38%
James A. Garfield
38%
John F. Kennedy
38%
Lyndon B. Johnson
38%
Richard Nixon
38%
Woodrow Wilson
38%
Andrew Jackson
25%
Andrew Johnson
25%
Benjamin Harrison
25%
Franklin Pierce
25%
Gerald Ford
25%
James Buchanan
25%
James K. Polk
25%
Rutherford B. Hayes
25%
Warren G. Harding
25%
William Henry Harrison
25%
William Howard Taft
25%
William McKinley
25%
Calvin Coolidge
13%
Herbert Hoover
13%
Ulysses S. Grant
13%
Zachary Taylor
13%
No matching quizzes found
Score Distribution
Percent of People with Each Score
Percentile by Number Answered
Your Score History
You have not taken this quiz since the last reset